000 01150cam a22003015i 4500
999 _c27115
_d27087
001 13566501
003 OSt
005 20190211151541.0
008 040421s2004 miua fr s000 0 eng d
020 _a0472089390
020 _a9780472089390
035 _a(OCoLC)ocm54207037
040 _aUAT
_cUAT
_dDLC
_beng
_dEG-ScBUE
082 0 4 _222
_a808.0428
_bALT
100 1 _aAltano, Brian.
245 1 0 _aWriting processes and structures :
_ban American language text /
_cBrian Altano.
264 1 _aAnn Arbor, Michigan :
_bUniversity of Michigan Press,
_cc.2004.
300 _axx, 323 pages :
_billustrations ;
_c26 cm.
336 _2rdacontent
_atxt
337 _2rdamedia
_aunmediated
338 _2rdacarrier
_avolume
520 _aTeaches effective paragraph writing skills by introducing students to the rhetorical modes of description, narration, process, comparison and contrast, and persuasion.
650 7 _aEnglish language
_2BUEsh
_97240
_xRhetoric.
650 7 _aEnglish language
_xParagraphs.
_2BUEsh
_936023
650 7 _aEnglish language
_2BUEsh
_94485
_xComposition and exercises.
653 _bHHUUEENN
_cFebruary2019
942 _2ddc
_cBB